00741nam a2200169Ia 4500008004100000020001800041041000800059082001700067100001900084245024100103250000600344260003900350300001200389650002000401999001900421952013100440210716s2018 xx 000 0 und d a9781787129825 aeng a005.448 ANTA aAntonov, Alex. aSpring boot 2.0 cookbook: configure test extend deploy and monitor your spring boot application both outside and inside the cloud.bConfigure test extend deploy and monitor your spring boot application both outside and inside the cloud. a2 aMumbaibPackt Publishing Ltdc2018 avii,269 aCloud Computing c196853d196853 001040708MCAaAIMITbAIMITeKnowledge Worldg899.00l0o005.448 ANTApMCA16368r2026-05-23 00:00:00v674.25w2021-07-16yBK